|
|
|
|
| LEADER |
00000cam a2200000 cc4500 |
| 001 |
159094542 |
| 003 |
DE-627 |
| 005 |
20260331121445.0 |
| 007 |
tu |
| 008 |
940830s1746 gw ||||| 00| ||lat c |
| 035 |
|
|
|a (DE-627)159094542
|
| 035 |
|
|
|a (DE-576)9159094540
|
| 035 |
|
|
|a (DE-599)GBV159094542
|
| 035 |
|
|
|a (OCoLC)257641364
|
| 040 |
|
|
|a DE-627
|b ger
|c DE-627
|e rakwb
|
| 041 |
|
|
|a lat
|
| 044 |
|
|
|c XA-DE
|c XA-DXDE
|
| 100 |
1 |
|
|0 (DE-588)100160883
|0 (DE-627)076595463
|0 (DE-576)165279818
|4 aut
|a Hartmann, Johann Adolph
|d 1680-1744
|
| 109 |
|
|
|a Hartmannus, Jo. Adolp. 1680-1744
|a Hartmann, Johannes Adolphus 1680-1744
|a Hartmannus, Joannes Adolphus 1680-1744
|a Hartmann, Joh. Adolph. 1680-1744
|a Hartmann, Johann Adolf 1680-1744
|a Hartmannus, Johannes A. 1680-1744
|a Hartmannus, Johannes Adolphus 1680-1744
|a Hartmannus, Iohannes A. 1680-1744
|a Hartmann, Jo. Adolp. 1680-1744
|a Hartmannus, Joannes A. 1680-1744
|a Hartmann, Johannes A. 1680-1744
|a Hartman, Joannes Adolphus 1680-1744
|a Hartmann, Johann A. 1680-1744
|a Hartmann, J. Adolph 1680-1744
|a Hartmann, Johannes Adolph 1680-1744
|a Hartmann, Johann Adolph 1680-1744
|a Hartmannus, Iohannes Adolphus 1680-1744
|
| 245 |
1 |
0 |
|a Johannis Adolphi Hartmanni ... Historia Hassiaca
|b Avditorvm Vsibvs In Compendivm Redacta, Ejusqve Pars Tertia
|p Historiam Hassiae Ab Anno MDCL. Vsqve Ad Finem Imperii Caroli I. Et Ernesti Lvdovici Complexa
|
| 246 |
3 |
0 |
|a 1650 usque Ludovici auditorium usibus compendium
|
| 246 |
3 |
3 |
|a Historia Hassiaca
|
| 264 |
|
1 |
|a [Marburg]
|b Mullerus
|c 1746
|
| 300 |
|
|
|a [6] Bl., 539 S.
|c 8°
|
| 336 |
|
|
|a Text
|b txt
|2 rdacontent
|
| 337 |
|
|
|a ohne Hilfsmittel zu benutzen
|b n
|2 rdamedia
|
| 338 |
|
|
|a Band
|b nc
|2 rdacarrier
|
| 361 |
1 |
|
|5 DE-23
|y 169490165
|s M: Gm 2248:3
|o Vorbesitz
|a Baudis, Gottfried Leonhard
|0 (DE-588)14030651X
|0 (DE-627)617691568
|0 (DE-576)316352985
|f Exlibris
|f Wappen
|
| 500 |
|
|
|a Titelbl. in Rot- und Schwarzdr
|
| 500 |
|
|
|a Autopsie nach Ex. der HAB Wolfenbüttel
|
| 500 |
|
|
|a Vorlageform des Erscheinungsvermerks: Typis Philippi Casimiri Mvlleri, A. R. S. MDCCXLVI.
|
| 601 |
|
|
|a historia
|
| 652 |
|
|
|a TA
|
| 773 |
1 |
8 |
|a Johannis Adolphi Hartmanni ... Historia Hassiaca Auditorum Usibus In Compendium Redacta ...
|w (DE-627)15909447X
|w (DE-576)9159094478
|g Ps. 3
|q 3.1746
|7 nnam
|
| 935 |
|
|
|a FRST
|a mteo
|
| 951 |
|
|
|a MV
|
| ELC |
|
|
|b 1
|
| LOK |
|
|
|0 000 xxxxxcx a22 zn 4500
|
| LOK |
|
|
|0 001 4327680117
|
| LOK |
|
|
|0 003 DE-627
|
| LOK |
|
|
|0 004 159094542
|
| LOK |
|
|
|0 005 20240923083937
|
| LOK |
|
|
|0 008 230531||||||||||||||||ger|||||||
|
| LOK |
|
|
|0 040
|a DE-Tue135
|c DE-627
|d DE-Tue135
|
| LOK |
|
|
|0 092
|o n
|
| LOK |
|
|
|0 852
|a DE-Tue135
|
| LOK |
|
|
|0 852 1
|9 00
|
| LOK |
|
|
|0 866
|x SPQUE#Bibliothek der Franckeschen Stiftungen#SPSAM#Tholuck-Bibliothek#SPSYS#thol_systematik_V
|
| LOK |
|
|
|0 935
|a FRST
|a thol
|
| LOK |
|
|
|0 936ln
|0 1442053402
|a TA
|
| LOK |
|
|
|0 939
|a 2023-05-31
|b l01
|
| ORI |
|
|
|a TA-MARC-ixtheoa001.raw
|
| REL |
|
|
|a 1
|
| SUB |
|
|
|a REL
|